Path through Mendel's Brno /

Main Author: Matalová, Anna, 1944-
Other Authors: Matalová, Eva, 1973-
Language: English
Published: Brno : Tribun EU s.r.o., 2017
Edition: In Tribun EU first edition
Series: Knihovnicka.cz
Subjects:
Physical Description: 82 nečíslovaných stran : ilustrace (převážně barevné), plány, faksimile ; 22 cm
Book
Saved in:
LEADER 02841nam a2200745 i 4500
001 nkc20172892372
003 CZ PrNK
005 20170517105633.0
007 ta
008 170407s2017 xr aeh e f 000 0 eng
015 |a cnb002892372 
020 |a 978-80-263-1176-8  |q (vázáno) 
035 |a (OCoLC)987021948 
040 |a BOA001  |b cze  |d ABA001  |e rda 
043 |a e-xr---  |b e-xr-jm  |2 czenas 
045 |a w2w8 
072 7 |a 575  |x Obecná genetika. Obecná cytogenetika. Evoluce  |2 Konspekt  |9 2 
072 7 |a 929  |x Biografie  |2 Konspekt  |9 8 
080 |a 5-051  |2 MRF 
080 |a 575-051  |2 MRF 
080 |a 27-789.4  |2 MRF 
080 |a 929  |2 MRF 
080 |a 913:94  |2 MRF 
080 |a 913:316.7  |2 MRF 
080 |a 904  |2 MRF 
080 |a 908(437.322)  |2 MRF 
080 |a (036)  |2 MRF 
100 1 |a Matalová, Anna,  |d 1944-  |7 mzk2005269570  |4 aut 
245 1 0 |a Path through Mendel's Brno /  |c Anna Matalová, Eva Matalová 
250 |a In Tribun EU first edition 
264 1 |a Brno :  |b Tribun EU s.r.o.,  |c 2017 
300 |a 82 nečíslovaných stran :  |b ilustrace (převážně barevné), plány, faksimile ;  |c 22 cm 
336 |a text  |b txt  |2 rdacontent 
336 |a statický obraz  |b sti  |2 rdacontent 
337 |a bez média  |b n  |2 rdamedia 
338 |a svazek  |b nc  |2 rdacarrier 
490 1 |a Knihovnicka.cz 
500 |a Chronologický přehled 
600 1 7 |a Mendel, Johann Gregor,  |d 1822-1884  |7 jk01081221  |2 czenas 
648 4 |a 1822-1884 
648 7 |a 19. století  |7 ch460557  |2 czenas 
650 0 7 |a přírodovědci  |7 ph137317  |z Česko  |y 19. století  |2 czenas 
650 0 7 |a genetici  |7 ph120480  |z Česko  |y 19. století  |2 czenas 
650 0 7 |a augustiniáni  |7 ph118668  |z Česko  |y 19. století  |2 czenas 
650 0 7 |a historický místopis  |7 ph137052  |z Česko  |2 czenas 
650 0 7 |a kulturní místopis  |7 ph604141  |z Česko  |2 czenas 
650 0 7 |a kulturní památky  |7 ph115033  |z Česko  |2 czenas 
650 0 9 |a naturalists  |z Czechia  |y 19th century  |2 eczenas 
650 0 9 |a geneticists  |z Czechia  |y 19th century  |2 eczenas 
650 0 9 |a Augustinians  |z Czechia  |y 19th century  |2 eczenas 
650 0 9 |a historical topography  |z Czechia  |2 eczenas 
650 0 9 |a cultural landmarks  |z Czechia  |2 eczenas 
650 0 9 |a cultural monuments  |z Czechia  |2 eczenas 
651 7 |a Brno (Česko)  |7 ge134084  |x vlastivěda  |2 czenas 
651 9 |a Brno (Czechia)  |x description and travel  |2 eczenas 
655 7 |a průvodce  |7 fd133154  |2 czenas 
655 9 |a guidebooks  |2 eczenas 
700 1 |a Matalová, Eva,  |d 1973-  |7 ola2007365181  |4 aut 
830 0 |a Knihovnicka.cz  |0 s 
910 2 |a BOA001  |b 2-1385.844 
990 |a BK 
995 |a 01 
991 |b 201704  |c NOV 
996 6 |b 2610704518  |c 2-1385.844  |l MZK  |r Sklad / do 1 hodiny  |n 0  |p p.v.  |w 001607012  |u 000010  |a 1  |e BOA001  |j MZK50  |s P 
996 7 |b 2610704519  |c 2-1385.844  |l MZK  |r Sklad / do 1 hodiny  |n 2  |p p.v.  |w 001607012  |u 000020  |a 1  |e BOA001  |j MZK50  |s A